LOST: Surnames Quiz Stats

 Plays Quiz Updated Jul 16, 2019

Score 0/36 Timer 07:00
0 Plays Today
First Name Last Name % Correct
JohnLocke
90.8%
Hugo 'Hurley'Reyes
70.8%
JackShephard
70.4%
BenjaminLinus
69.1%
James 'Sawyer'Ford
68.1%
KateAusten
62.1%
DanielFaraday
57.6%
Charles and PennyWidmore
55.7%
DesmondHume
55.4%
Jin and SunKwon
53.1%
SayidJarrah
52.6%
DanielleRousseau
46.7%
RichardAlpert
46.5%
CharliePace
45.6%
ClaireLittleton
44.2%
Ana LuciaCortez
41.6%
EloiseHawking
41.1%
EthanRom
38%
First Name Last Name % Correct
FrankLapidus
34.8%
BooneCarlyle
32.4%
Juliet Burke
32.1%
MichaelDawson
31.4%
ShannonRutherford
29.1%
PierreChang
28.9%
TomFriendly
28.4%
CharlotteLewis
28.3%
Sun (maiden name)Paik
27.2%
AlvarHanso
24.9%
HoraceGoodspeed
23.5%
MilesStraume
22.9%
Rose and BernardNadler
19.7%
WaltLloyd
16.7%
Gerald and KarenDeGroot
12.5%
StuartRadzinsky
11%
BeatriceKlugh
10.9%
Rose (maiden name)Henderson
6.4%

You're not logged in!

Compare scores with friends on all Sporcle quizzes.
OR
Log In

Sporcle TV

Today on Sporcle TV


Watch our educational content, quiz creation guides, and fun videos on Sporcle TV.

Show Comments

Extras

Top Quizzes Today


Score Distribution

Your Account Isn't Verified!

In order to create a playlist on Sporcle, you need to verify the email address you used during registration. Go to your Sporcle Settings to finish the process.

Report this User

Report this user for behavior that violates our Community Guidelines.

Details: